Statystyki dla Zgadnij co to za postać z Miraculous | Część #5

Kliknij tutaj aby rozwiązać quiz!

Ogólne statystyki

  • Ten quiz został rozwiązany 29 razy
  • Średni wynik to 11 z 16

Statystyki odpowiedzi

Odpowiedź% Poprawnych
Kamienne Serce
94%
Bańkor
89%
Mim
89%
Pan Gołąb
89%
Czasołamaczka
83%
Lady Wifi
78%
Faraon
72%
Kotowtór
61%
Wonna Księżniczka
61%
ArcyGlina
56%
Nawałnica
56%
Czarny Miecz
50%
Ilustrachor
50%
Mroczny Amor
50%
Panterman
50%
Postraszycielka
50%

Rozkład punktacji

Percentyl według liczby udzielonych odpowiedzi

Procent ludzi z każdym wynikiem

Twoja historia wyników

Nie rozwiązałeś tego quizu